000 00731nam a2200289Ia 4500
005 20260324111418.0
008 008 260324s9999 xx 000 0 eng d
020 _a9781032696720
037 _aEBOOK
040 _aCRL
040 _beng
040 _cCRL
041 _2eng
041 _aeng
084 _qCRL
100 _aSue Richardson; Melanie Goodwin; Emma Jack; Michele Jowett
_91138454
245 0 _aDissociative Identities
245 0 _bAttachment-based Approaches to Psychotherapy
260 _bTaylor and Francis
260 _c2025
365 _a
365 _b230
856 _uhttp://www.taylorfrancis.com/books/9781032696720
942 _cEBOOK
999 _c1727265
_d1727265